Pokémon - 5G - Statistiques

Statistiques générales
  • Ce quiz a été pris 18 fois
  • Le résultat moyen est 153 sur 196
Statistiques - réponses
Par images Réponse % Correct
Clamiral de Hisui
93%
Démétéros forme Avatar
93%
Baggaïd
86%
Batracné
86%
Boréas forme Avatar
86%
Boréas forme Totémique
86%
Chovsourir
86%
Clamiral
86%
Clic
86%
Coupenotte
86%
Crapustule
86%
Crocorible
86%
Darumarond
86%
Diamat
86%
Grotichon
86%
Haydaim forme Printemps
86%
Kyurem Blanc mode Overdrive
86%
Mamanbo
86%
Manternel
86%
Méga-Lugulabre
86%
Mégapagos
86%
Méga-Roitiflam
86%
Meloetta forme Danse
86%
Nanméouïe
86%
Ohmassacre
86%
Polarhume
86%
Ponchiot
86%
Pyronille
86%
Statitik
86%
Tranchodon
86%
Vaututrice
86%
Vivaldaim forme Hiver
86%
Zéblitz
86%
Zekrom
86%
Aéroptéryx
79%
Aflamanoir
79%
Anchwatt
79%
Baggiguane
79%
Bétochef
79%
Chacripan
79%
Charpenti
79%
Chinchidou
79%
Cobaltium
79%
Colombeau
79%
Couaneton
79%
Couverdure
79%
Cryptéro
79%
Darumacho
79%
Darumacho de Galar
79%
Darumacho de Galar mode Transe
79%
Darumacho mode Transe
79%
Darumarond de Galar
79%
Déflaisan femelle
79%
Déflaisan mâle
79%
Démétéros forme Totémique
79%
Doudouvet
79%
Drakkarmin
79%
Emolga
79%
Escargaume
79%
Farfaduvet
79%
Fermite
79%
Feuillajou
79%
Frison
79%
Fulguris forme Avatar
79%
Fulguris forme Totémique
79%
Funécire
79%
Furaiglon
79%
Gaulet
79%
Genesect
79%
Géolithe
79%
Gigalithe
79%
Golemastoc
79%
Grindur
79%
Gringolem
79%
Gruikui
79%
Gueriaigle
79%
Gueriaigle de Hisui
79%
Haydaim forme Automne
79%
Haydaim forme Été
79%
Haydaim forme Hiver
79%
Hexagel
79%
Keldeo
79%
Keldeo aspect Déterminé
79%
Kungfouine
79%
Kyurem
79%
Kyurem Blanc
79%
Kyurem Noir
79%
Kyurem Noir mode Overdrive
79%
Lakmécygne
79%
Lampéroie
79%
Léopardus
79%
Lewsor
79%
Lianaja
79%
Limaspeed
79%
Lugulabre
79%
Majaspic
79%
Maracachi
79%
Mastouffe
79%
Mateloutre
79%
Méga-Baggaïd
79%
Méga-Golemastoc
79%
Méga-Minotaupe
79%
Méga-Ohmassacre
79%
Méios
79%
Meloetta forme Chant
79%
Minotaupe
79%
Miradar
79%
Moustillon
79%
Moyade femelle
79%
Moyade mâle
79%
Munna
79%
Mushana
79%
Mygavolt
79%
Noacier
79%
Ouvrifier
79%
Pashmilla
79%
Poichigeon
79%
Polagriffe
79%
Pyrax
79%
Ratentif
79%
Reshiram
79%
Rhinolove
79%
Roitiflam
79%
Rototaupe
79%
Scalpion
79%
Scalproie
79%
Scrutella
79%
Shaofouine
79%
Solochi
79%
Sorbébé
79%
Sorbouboul
79%
Terrakium
79%
Tic
79%
Trioxhydre
79%
Tritonde
79%
Trompignon
79%
Venipatte
79%
Victini
79%
Vipélierre
79%
Viridium
79%
Vivaldaim forme Automne
79%
Vivaldaim forme Été
79%
Vivaldaim forme Printemps
79%
Zoroark
79%
Zoroark de Hisui
79%
Zorua
79%
Zorua de Hisui
79%
Bargantua motif Rouge
71%
Brutapode
71%
Carabing
71%
Carapagos
71%
Chlorobule
71%
Cliticlic
71%
Crabaraque
71%
Crabicoque
71%
Escroco
71%
Feuiloutan
71%
Flamajou
71%
Flamoutan
71%
Flotajou
71%
Flotoutan
71%
Fragilady
71%
Fragilady de Hisui
71%
Incisache
71%
Judokrak
71%
Karaclée
71%
Larveyette
71%
Limonde
71%
Limonde de Galar
71%
Mascaïman
71%
Méga-Brutapode
71%
Méga-Nanméouïe
71%
Mélancolux
71%
Mesmérella
71%
Miamiasme
71%
Miasmax
71%
Miasmax Gigamax
71%
Neitram
71%
Nodulithe
71%
Nucléos
71%
Ponchien
71%
Scobolide
71%
Sidérella
71%
Sorboul
71%
Symbios
71%
Tutafeh
71%
Tutafeh de Galar
71%
Tutankafer
71%
Viskuse femelle
71%
Viskuse mâle
71%
Vostourno
71%
Zébibron
71%
Arkéapti
64%
Bargantua motif Blanc
64%
Bargantua motif Bleu
64%
Lançargot
64%
Aucun quiz correspondant
Distribution des résultats
% des personnes avec chaque résultat
Percentile par nombre de réponses
Votre historique - résultats
Vous n’avez pas pris ce quiz